| 000 | 01366nac a22003131u 4500 | ||
|---|---|---|---|
| 003 | EG-ScBUE | ||
| 005 | 20221020105239.0 | ||
| 008 | 130122t1997 nyua f b 000 0 eng d | ||
| 020 | _a0847820122 (pbk.) | ||
| 020 | _a9780847820122 | ||
| 040 |
_aEG-ScBUE _beng _erda _cEG-ScBUE _dEG-ScBUE |
||
| 082 | 0 | 4 |
_a720.92 _bALE _222 |
| 245 | 0 | 0 |
_aAlexander Gorlin : _bbuildings and projects / _cintroduction by Paul Goldberger ; essay by Vincent Scully ; afterword by Charles Gwathmey. |
| 246 | 3 | 0 | _aBuildings and projects |
| 264 | 1 |
_aNew York, NY : _bRizzoli International Publications, _c[1997] |
|
| 264 | 4 | _cc1997 | |
| 300 |
_a160 pages : _billustrations (some color) ; _c28 cm |
||
| 504 | _aIncludes bibliographical references. | ||
| 600 | 1 | 7 |
_aGorlin, Alexander _xCriticism and interpretation. _2BUEsh _931958 |
| 650 | 7 |
_aArchitecture _zUnited States _y20th century. _2BUEsh _919877 |
|
| 653 | _bENGARC | ||
| 655 | _vReading book | ||
| 700 | 1 |
_aScully, Vincent Joseph, _d1920- _econtributor. _931959 |
|
| 700 | 1 |
_aGwathmey, Charles, _d1938-2009, _eauthor of introduction, etc. _931960 |
|
| 700 | 1 |
_aGoldberger, Paul, _eauthor of introduction, etc. |
|
| 856 | 4 | 2 |
_3Contributor biographical information _uhttp://www.loc.gov/catdir/bios/hol054/96047058.html |
| 856 | 4 | 2 |
_3Publisher description _uhttp://www.loc.gov/catdir/description/hol042/96047058.html |
| 942 |
_cBB _2ddc |
||
| 999 |
_c3128 _d3128 |
||